000 00536cab a22001815a 4500
001 L156735
008 120705s2012 xxka f 000 0 eng d
035 _a(Sirsi) u156735
041 0 _aeng
100 1 _aHamilton, Lucy
245 0 0 _aPrepare for take off
_bthe use of UAVs in surveying
260 _c2012
490 _aCivil Engineering Surveyor
_vJune 2012, 26-27(2)
520 _aLooks at the use of unmanned aerial vehicles or drones in practice.
651 4 _aInternational
690 _aBuilding surveying
_96225
942 _n0
999 _c84130
_d84130